| 000 | 00450nam a2200181 a 4500 | ||
|---|---|---|---|
| 001 | 1770805515277 | ||
| 003 | YourLibrary | ||
| 005 | 20260211155849.0 | ||
| 008 | 260211s2009##################000#0#eng## | ||
| 020 | _a9788131508572 | ||
| 082 | 0 | 4 |
_a333.707 _bDAV |
| 100 | 1 |
_aDave, _eauthor. |
|
| 245 | 1 | 0 | _aText Book Of Environmental Studies : |
| 260 | _c2009. | ||
| 300 | _a278 pages | ||
| 942 | _cENGLISH | ||
| 040 |
_aYourLibrary _beng _cYourLibrary |
||
| 999 |
_c611783 _d611783 |
||